Quiz sur le 13e arrondissement de Paris - Statistiques

Statistiques générales
  • Ce quiz a été pris 42 fois
    21 depuis la dernière actualisation
  • Le résultat moyen est 12 sur 20
Statistiques - réponses
Question Réponse % Correct
Quelle victoire napoléonienne donne son nom à la grande gare (anciennement gare d'Orléans) reliée à la Gare de Lyon par le pont Charles de Gaulle ? Austerlitz
95%
Quelle grande place, portant le nom d'un pays européen, est au carrefour des 4 quartiers de l'arrondissement ? Place d'Italie
90%
Citez une des 3 villes de banlieue desservies par les branches de la ligne 7, dont la séparation se trouve à la station Maison Blanche Ivry-sur-Seine / Le Kremlin-Bicêtre / Villejuif
85%
Nom de l'arrondissement Gobelins
80%
Quel établissement culturel et éducatif inauguré par François Mitterrand en 1995 se situe à l'emplacement du projet abandonné de la gare d'eau d'Ivry ? La Bibliothèque nationale de France
80%
Quel neurologue autrichien, fondateur de la psychanalyse, fut élève de Jean-Martin Charcot à l'hôpital de la Pitié Salpêtrière ? Sigmund Freud
80%
De quelle couleur vive sont recouvertes les passerelles extérieures de la Cité de la Mode et du Design du côté de la Seine ? Vert
80%
Avant de jouer au stade Jean-Bouin pour son retour en première division pour la saison 2025-2026, quel club sportif a résidé au stade Charléty pendant 18 ans ? Le Paris FC
70%
Quel est le nom "géométrique" du plus grand quartier asiatique de Paris, délimité par 2 avenues et le boulevard Masséna ? {Triangle} de Choisy
70%
Du fait des règles d'urbanisme historiques et actuelles de Paris, le 13e arrondissement comporte le plus grand nombre de bâtiments (15) plus hauts que cette hauteur symbolique {100} mètres
65%
Dans quel domaine était spécialisée la manufacture des Gobelins ? La tapisserie
60%
Dans quel quartier aux airs de village en plein Paris peut-on trouver des maisons en colombage et l'école Télécom Paris ? La Butte-aux-Cailles
55%
Quartiers administratifs Maison-Blanche
55%
Quartiers administratifs Gare
50%
De quel quartier qui a fait l'objet d'un film de Jacques Audiard en 2021, font partie les immeubles Athènes, Londres, Cortina d'Ampezzo, Grenoble et Sapporo ? Les Olympiades
50%
Quartiers administratifs Salpêtrière
50%
Quelle ancienne rivière se jetant dans la Seine, aujourd'hui complètement recouverte dans Paris sauf sur certaines portions, traversait l'arrondissement du nord au sud ? La Bièvre
40%
Quartiers administratifs Croulebarbe
35%
Quel ensemble de deux tours légèrement inclinées en bord de Seine, dont la première est la 3e plus grande tour de Paris, a été conçu par l'architecte Jean Nouvel ? Les tours Duo
30%
Quel église à l'architecture pyramidale, sombre et vitrée est dédiée au 9e évêque de Paris, saint protecteur de Lutèce avec saint Denis et sainte Geneviève ? L'église Saint-{Marcel}
10%
Aucun quiz correspondant
Distribution des résultats
% des personnes avec chaque résultat
Percentile par nombre de réponses
Votre historique - résultats
Vous n’avez pas pris ce quiz depuis la dernière actualisation